| 000 | 00668nam a2200217 a 4500 | ||
|---|---|---|---|
| 005 | 20240920063920.0 | ||
| 008 | 010910s1999 es r 000 0 spa d | ||
| 020 | _a8477386579 | ||
| 035 | _aUPN01000111138 | ||
| 049 | _aCG | ||
| 050 | 4 |
_aLC5215 _bJ3.4 |
|
| 100 | 1 |
_aJabonero Blanco, Mariano, _d1953- _932382 |
|
| 245 | 1 | 0 |
_aFormación de adultos / _cMariano Jabonero, Inmaculada López, Remedios Nieves. |
| 260 |
_aMadrid : _bSíntesis, _c1999. |
||
| 300 | _a190 p. | ||
| 440 | 0 |
_aDidáctica y organización escolar ; _v7 |
|
| 650 | 4 |
_aEducación de adultos _9956 |
|
| 700 | 1 |
_aLópez, Inmaculada, _ecoaut. |
|
| 700 | 1 |
_aNieves, Remedios, _ecoaut. |
|
| 905 | _aLibro | ||
| 999 |
_c85047 _d85047 |
||